000 00585nam a22002057a 4500
003 OSt
005 20140310182839.0
008 130608t xxu||||| |||| 00| 0 eng d
020 _a9781611453331
050 _aDT 92.7
_b.F751 2011
082 _aM 932.021092
_bF751 2011
245 _aThe search for Cleopatra
_bThe true story of history's most intriguing woman
_cFoss, Michael
260 _aNew York, NY
_bArcade Pub.
_cc2011
300 _a192 p.
_bill.
_c24 cm.
521 _aCollege students
526 _c1210L-1700L
541 _j1
562 _e1
942 _2lcc
_cBK
_kM
999 _c16829
_d16829